Prospects for investment in the private rented sector (Record no. 65002)
[ view plain ]
| 000 -LEADER | |
|---|---|
| fixed length control field | 01153cam a2200229 4500 |
| 001 - CONTROL NUMBER | |
| control field | ABS63023 |
| 008 - FIXED-LENGTH DATA ELEMENTS--GENERAL INFORMATION | |
| fixed length control field | 000000n2000 000 0 eng u |
| 035 ## - SYSTEM CONTROL NUMBER | |
| System control number | (Sirsi) u108884 |
| 100 ## - MAIN ENTRY--PERSONAL NAME | |
| Personal name | Collett, A. |
| 245 ## - TITLE STATEMENT | |
| Title | Prospects for investment in the private rented sector |
| 260 ## - PUBLICATION, DISTRIBUTION, ETC. | |
| Date of publication, distribution, etc. | 2000 |
| 490 ## - SERIES STATEMENT | |
| Series statement | Journal of Property Investment and Finance |
| Volume/sequential designation | 18(4) September 2000, 507-516(6) |
| 520 ## - SUMMARY, ETC. | |
| Summary, etc. | Considers the background to the current state of the residential investment market in England and Wales and looks at prospects for the future. Following a long period of steady decline, investment in the private rented sector (PRS) has increased over the last decade. Looks at reasons for this, the nature of the demand, the valuation principles involved and the types of transactions undertaken. Covers the PRS, properties leased to housing associations, but not houses in multiple occupation or student accommodation. |
| 590 ## - LOCAL NOTE (RLIN) | |
| Local note | ABS |
| 650 ## - SUBJECT ADDED ENTRY--TOPICAL TERM | |
| Topical term or geographic name entry element | PRIVATE RENTED SECTOR |
| 650 ## - SUBJECT ADDED ENTRY--TOPICAL TERM | |
| Topical term or geographic name entry element | RESIDENTIAL INVESTMENT MARKET |
| 650 ## - SUBJECT ADDED ENTRY--TOPICAL TERM | |
| Topical term or geographic name entry element | DEREGULATION |
| 650 ## - SUBJECT ADDED ENTRY--TOPICAL TERM | |
| Topical term or geographic name entry element | YIELD |
| 650 ## - SUBJECT ADDED ENTRY--TOPICAL TERM | |
| Topical term or geographic name entry element | VALUATION METHODS |
| 690 ## - LOCAL SUBJECT ADDED ENTRY--TOPICAL TERM (OCLC, RLIN) | |
| Topical term or geographic name as entry element | HOUSING-INVESTMENT |
| 942 ## - ADDED ENTRY ELEMENTS (KOHA) | |
| Suppress in OPAC | 0 |
| Withdrawn status | Lost status | Source of classification or shelving scheme | Damaged status | Not for loan | Home library | Current library | Shelving location | Date acquired | Total Checkouts | Full call number | Barcode | Date last seen | Copy number | Price effective from | Koha item type |
|---|---|---|---|---|---|---|---|---|---|---|---|---|---|---|---|
| Dewey Decimal Classification | London | London | Journal article | 20/10/2000 | ABS63023 | 108884-1001 | 06/08/2019 | 1 | 06/08/2019 | Journal article |